The Christmas Diet - Statistics

General Stats
  • This quiz has been taken 784 times
  • The average score is 11 of 19
Answer Stats
Hint Answer % Correct
Thick, creamy alcoholic beverage. Eggnog
98%
Gobble, gobble. Turkey
97%
Typically made into edible little men, women, and houses. Gingerbread
96%
What goes inside ^ Stuffing / Dressing
90%
Striped, minty candy. Candy Cane
81%
Probably the most popular drink of cold weather; sweet; mini-marshmallows optional. Hot Chocolate
78%
Type of pie popular with both Christmas and Thanksgiving; the ingredient in it is also popular with Halloween. Pumpkin Pie
78%
Dessert; can be chocolate chip, peanut butter, oatmeal, etc. Cookies
75%
They roast over an open fire. Chestnuts
74%
Tart, red, jelly-like substance. Cranberry Sauce
62%
A yellow "vegetable" (though botanically, they are considered a fruit.) Shares its name with a sport. Squash
55%
Spice drink that can be served hot or cold (it's like a pie in a cup.) Apple Cider
41%
Can be made into a delicous casserole with melted marshmallows. (Candied) Sweet Potatoes
37%
Dessert associated with a song; spice cake made with figs and walnuts. Figgy Pudding
33%
The thigh, hind leg, or buttocks. Ham
29%
Originally chopped meat mixed with dried fruits, sugar, and spices; meat is no longer used at all, what we know this food by today is made entirely from fruits, sugar, alcohol Mincemeat
29%
Eat it with a fork or by scraping it with your front teeth. Corn
17%
Very sweet, soft dessert (usually chocolate flavored); often kept cold. Fudge
8%
Eaten in the morning; can be composed of your optional ingredients (most include such as : eggs, bread, sausage, bacon, cheese, etc.) Breakfast Casserole
6%
No matching quizzes found
Score Distribution
Percent of People with Each Score
Percentile by Number Answered
Your Score History
You have not taken this quiz